Haikyu Character's Names #1 - Statistics

General Stats
  • This quiz has been taken 59 times
  • The average score is 11 of 18
Answer Stats
Picture Answer % Correct
Shoyo Hinata
98%
Asahi Azumane
91%
Keishin Ukai
91%
Tadashi Yamaguchi
91%
Osamu Miya
86%
Rintaro Suna
86%
Wakatoshi Ushijima
84%
Takanobu Aone
72%
Keiji Akaashi
70%
Chikara Ennoshita
65%
Kentaro Kyotani
53%
Miwa Kageyama
51%
Nobuyuki Kai
42%
Shigeru Yahaba
37%
Kaname Moniwa
28%
Tanji Washijo
26%
Hayato Yamagata
23%
Sachiro Hirugami
21%
No matching quizzes found
Score Distribution
Percent of People with Each Score
Percentile by Number Answered
Your Score History
You have not taken this quiz